[Event "Tata Steel Group C"]
[Site "Wijk aan Zee NED"]
[Date "2012.01.17"]
[EventDate "2012.01.14"]
[Round "4"]
[Result "0-1"]
[White "Sahaj Grover"]
[Black "Baskaran Adhiban"]
[WhiteElo "2532"]
[BlackElo "2561"]
[PlyCount "76"]

1. d4 Nf6 2. c4 e6 3. Nc3 Bb4 4. Qc2 d5 5. cxd5 Qxd5 6. Nf3
Qf5 7. Qb3 c5 8. a3 Ba5 9. dxc5 Qxc5 10. Bd2 Nc6 11. Qc2 Qe7
12. Bg5 h6 13. Bh4 O-O 14. e4 e5 15. b4 Nxb4 16. axb4 Bxb4
17. Bxf6 gxf6 18. Nd2 Be6 19. Nd5 Bxd5 20. exd5 e4 21. Kd1 f5
22. Bc4 Rfd8 23. Ke2 Rac8 24. Qb3 b5 25. Qg3+ Kh7 26. Bb3 Bxd2
27. Kxd2 Qb4+ 28. Ke2 Rc3 29. Qf4 Qxb3 30. Qxf5+ Kg8 31. Rhd1
Qc4+ 32. Ke1 e3 33. fxe3 Re8 34. Kf2 Rcxe3 35. Kg1 R8e5
36. Qd7 Re2 37. Rf1 Rxg2+ 38. Kxg2 Qe2+ 0-1

[Event "Tata Steel Group C"]
[Site "Wijk aan Zee NED"]
[Date "2012.01.19"]
[EventDate "2012.01.14"]
[Round "5"]
[Result "1/2-1/2"]
[White "Baskaran Adhiban"]
[Black "Matthew Sadler"]
[WhiteElo "2561"]
[BlackElo "2660"]
[PlyCount "117"]

1. e4 e6 2. d4 d5 3. Nd2 h6 4. Ngf3 Nf6 5. e5 Nfd7 6. c4 dxc4
7. Nxc4 Nb6 8. Bd3 Nc6 9. O-O Nb4 10. Nxb6 axb6 11. Be4 Be7
12. Re1 Nd5 13. Qd3 Bb4 14. Bd2 Bxd2 15. Qxd2 Bd7 16. Bxd5
exd5 17. a3 O-O 18. Rac1 c6 19. Rc3 Bf5 20. h3 b5 21. Nh2 Kh8
22. Nf1 Qe7 23. b4 Bh7 24. Ng3 Rae8 25. Rce3 Qh4 26. Qd1 Re6
27. Qg4 Qd8 28. f4 f5 29. Qe2 Bg8 30. Kh2 Ree8 31. Nh1 Be6
32. Nf2 Qh4 33. Nd3 b6 34. Qf2 Qe7 35. Rc1 Rc8 36. Rc3 Rc7
37. Re1 Kg8 38. Qf3 Kh8 39. Rec1 Bd7 40. Nf2 Qf7 41. Re3 Be6
42. Rec3 Bd7 43. Qg3 Kh7 44. Qh4 Ra7 45. Re1 c5 46. dxc5 bxc5
47. Nd3 d4 48. Rxc5 Be6 49. Rc6 Rxa3 50. Nc5 Bd5 51. Rd6 Ra2
52. Rg1 Rfa8 53. e6 Bxg2 54. Qxh6+ gxh6 55. exf7 Bd5+ 56. Kg3
Bxf7 57. Kh4 Rg8 58. Rxg8 Kxg8 59. Rxd4 1/2-1/2

[Event "Tata Steel Group C"]
[Site "Wijk aan Zee NED"]
[Date "2012.01.20"]
[EventDate "2012.01.14"]
[Round "6"]
[Result "1/2-1/2"]
[White "Tania Sachdev"]
[Black "Baskaran Adhiban"]
[WhiteElo "2411"]
[BlackElo "2561"]
[PlyCount "95"]

1. d4 Nf6 2. c4 c5 3. d5 b5 4. cxb5 a6 5. e3 g6 6. Nc3 Bg7
7. a4 O-O 8. Bc4 d6 9. Nge2 Nbd7 10. O-O Nb6 11. Qb3 Nfd7
12. Nf4 Nxc4 13. Qxc4 Nb6 14. Qb3 axb5 15. Nxb5 Ba6 16. Bd2
Rb8 17. Rfb1 Qd7 18. Bc3 Bh6 19. Rd1 Qf5 20. Ne2 Rb7 21. Ng3
Qg4 22. Qc2 Rfb8 23. e4 Nd7 24. Rd3 Bf4 25. Ne2 Be5 26. f3 Qh4
27. g3 Qh6 28. f4 Bg7 29. Bxg7 Qxg7 30. Nec3 Nb6 31. b3 Na8
32. Re1 Nc7 33. e5 Bxb5 34. axb5 Nxb5 35. Nxb5 Rxb5 36. Rde3
Qf8 37. f5 dxe5 38. Rxe5 Qd8 39. R1e3 Qb6 40. Kg2 Rxb3
41. Rxb3 Qxb3 42. Qxb3 Rxb3 43. Rxe7 gxf5 44. Rc7 Rc3 45. d6
Kg7 46. d7 Rd3 47. Rxc5 Rxd7 48. Rxf5 1/2-1/2

[Event "Tata Steel Group C"]
[Site "Wijk aan Zee NED"]
[Date "2012.01.21"]
[EventDate "2012.01.14"]
[Round "7"]
[Result "1-0"]
[White "Baskaran Adhiban"]
[Black "Elisabeth Paehtz"]
[WhiteElo "2561"]
[BlackElo "2454"]
[PlyCount "115"]

1. e4 e5 2. Nf3 Nc6 3. Bc4 Nf6 4. d3 Be7 5. O-O O-O 6. Re1 d6
7. a4 Na5 8. Ba2 c5 9. c3 Nc6 10. Nbd2 Be6 11. Nc4 Re8 12. Ng5
Qd7 13. Nxe6 fxe6 14. f4 Kh8 15. fxe5 dxe5 16. Qe2 Rad8
17. Rd1 Rf8 18. Be3 Qe8 19. Rf1 Qg6 20. Kh1 b6 21. Rf3 Nh5
22. Raf1 Rxf3 23. Rxf3 h6 24. g3 Nf6 25. Bg1 Nh7 26. Rf1 Bg5
27. Bb3 Rf8 28. Rxf8+ Nxf8 29. Qf3 Kg8 30. Ba2 Be7 31. Kg2 Qe8
32. Be3 Qd8 33. Qe2 Qd7 34. Bf2 Bg5 35. Qd1 Bd8 36. h4 Bf6
37. Ne3 Bd8 38. Ng4 Qf7 39. Be3 Kh7 40. Bc4 Bc7 41. Bb5 Nb8
42. a5 Bd6 43. axb6 axb6 44. Bf2 Kg8 45. Ne3 Qc7 46. Nc4 Be7
47. Qh5 Nbd7 48. Bxd7 Nxd7 49. Qe8+ Nf8 50. Nxe5 Qxe5 51. Qxe7
Qh5 52. Qd6 Qg4 53. Qxb6 Ng6 54. Kh2 Qe2 55. Qxe6+ Kh8
56. Qc8+ Kh7 57. Qf5 h5 58. Kg2 1-0

[Event "Tata Steel Group C"]
[Site "Wijk aan Zee NED"]
[Date "2012.01.22"]
[EventDate "2012.01.14"]
[Round "8"]
[Result "1/2-1/2"]
[White "Daan Brandenburg"]
[Black "Baskaran Adhiban"]
[WhiteElo "2527"]
[BlackElo "2561"]
[PlyCount "77"]

1. e4 e5 2. Nf3 Nc6 3. d4 exd4 4. Nxd4 Nf6 5. Nxc6 bxc6 6. e5
Qe7 7. Qe2 Nd5 8. c4 Nb6 9. Nc3 Qe6 10. Qe4 g6 11. Bd2 Ba6
12. c5 Nc4 13. Bxc4 Bxc4 14. b3 Bd5 15. Nxd5 cxd5 16. Qe3 Bg7
17. O-O O-O 18. Rae1 f6 19. exf6 Qxe3 20. Bxe3 Bxf6 21. c6
dxc6 22. Rc1 d4 23. Bh6 Rf7 24. Rfe1 d3 25. Be3 Bd4 26. Rcd1
Bc3 27. Bd2 Bd4 28. Be3 Bc3 29. Bd2 Bxd2 30. Rxd2 Rd8 31. f3
Rd5 32. Kf2 Rfd7 33. Rc1 R7d6 34. Rc3 Kf7 35. Ke3 Re5+ 36. Kf2
Red5 37. Ke3 Re6+ 38. Kf2 Red6 39. Ke3 1/2-1/2

[Event "Tata Steel Group C"]
[Site "Wijk aan Zee NED"]
[Date "2012.01.25"]
[EventDate "2012.01.14"]
[Round "10"]
[Result "1/2-1/2"]
[White "Baskaran Adhiban"]
[Black "Etienne Goudriaan"]
[WhiteElo "2561"]
[BlackElo "2279"]
[PlyCount "128"]

1. c4 e6 2. Nc3 d5 3. d4 c6 4. e4 dxe4 5. Nxe4 Bb4+ 6. Bd2
Qxd4 7. Bxb4 Qxe4+ 8. Be2 Na6 9. Bd6 e5 10. Nf3 Bg4 11. O-O
O-O-O 12. Bd3 Qf4 13. Bxe5 Qxe5 14. Nxe5 Bxd1 15. Raxd1 Nh6
16. f4 Kc7 17. h3 f6 18. Nf3 g6 19. Bc2 Nb4 20. Bb1 c5 21. a3
Nc6 22. Be4 Nf5 23. Bxf5 gxf5 24. Kf2 Na5 25. Rxd8 Rxd8
26. Rc1 Nb3 27. Re1 Rd7 28. g4 Na5 29. Rc1 Nb3 30. Re1 Na5
31. Rc1 Nb3 32. Rc2 Rd3 33. Rc3 Rxc3 34. bxc3 fxg4 35. hxg4
Na5 36. Nd2 Kd6 37. Kf3 Ke6 38. f5+ Ke5 39. Ke3 h6 40. Nf3+
Kd6 41. Kd3 b6 42. a4 a6 43. Nd2 Nc6 44. Nf3 Na5 45. Nh4 Nc6
46. Ng6 Na5 47. Nf4 Ke5 48. Ng6+ Kd6 49. Nf4 Ke5 50. Nd5 b5
51. axb5 axb5 52. Nb6 Nxc4 53. Nxc4+ bxc4+ 54. Ke3 h5 55. gxh5
Kxf5 56. Kf3 Kg5 57. Ke4 f5+ 58. Ke5 f4 59. h6 Kxh6 60. Kxf4
Kg6 61. Ke5 Kf7 62. Kd5 Ke7 63. Kxc5 Kd7 64. Kxc4 Kc6 1/2-1/2

[Event "Tata Steel Group C"]
[Site "Wijk aan Zee NED"]
[Date "2012.01.27"]
[EventDate "2012.01.14"]
[Round "11"]
[Result "1/2-1/2"]
[White "Elina Danielian"]
[Black "Baskaran Adhiban"]
[WhiteElo "2490"]
[BlackElo "2561"]
[PlyCount "131"]

1. d4 Nf6 2. Nf3 e6 3. e3 b6 4. Bd3 Bb7 5. O-O c5 6. c4 g6
7. Nc3 Bg7 8. dxc5 bxc5 9. e4 d6 10. e5 dxe5 11. Nxe5 O-O
12. Qb3 Nc6 13. Nxc6 Bxc6 14. Be2 Ne4 15. Qa3 Nxc3 16. bxc3
Qe7 17. Be3 Rfd8 18. Rfd1 Bf8 19. Qa5 Rab8 20. Rxd8 Qxd8
21. Qxd8 Rxd8 22. Rb1 e5 23. Rb3 f5 24. g3 Bd6 25. f3 f4
26. Bf2 Rd7 27. Ra3 Be7 28. Ra6 Rc7 29. Kf1 Kf7 30. Ra5 Ba8
31. Bd1 g5 32. Ke2 h5 33. h3 g4 34. hxg4 hxg4 35. fxg4 f3+
36. Ke1 e4 37. Be3 Bd6 38. Kf2 Ke6 39. Ra6 Bc6 40. Bf4 Bxf4
41. gxf4 Kd7 42. g5 Kc8 43. f5 Kb7 44. Rxc6 Kxc6 45. Bc2 Rg7
46. Bxe4+ Kd6 47. g6 Ke5 48. Kxf3 Rd7 49. Ke3 Rd1 50. Bc2 Ra1
51. a4 a5 52. Bd3 Rc1 53. Kd2 Rg1 54. Bc2 Rg2+ 55. Kc1 Kf6
56. Be4 Rg3 57. Kb2 Ke5 58. Bc2 Rf3 59. Kb3 Re3 60. Kb2 Rg3
61. Kb3 Rg4 62. Bd3 Rg3 63. Bc2 Kf6 64. Be4 Rg1 65. Bc2 Rg3
66. Be4 1/2-1/2

[Event "Tata Steel Group C"]
[Site "Wijk aan Zee NED"]
[Date "2012.01.29"]
[EventDate "2012.01.14"]
[Round "13"]
[Result "0-1"]
[White "Lisa Schut"]
[Black "Baskaran Adhiban"]
[WhiteElo "2290"]
[BlackElo "2561"]
[PlyCount "136"]

1. e4 e5 2. Nf3 Nc6 3. Bb5 a6 4. Ba4 Nf6 5. O-O Be7 6. Re1 b5
7. Bb3 d6 8. c3 O-O 9. h3 Nb8 10. d4 Nbd7 11. Nbd2 Bb7 12. Bc2
Re8 13. a4 Bf8 14. Bd3 c6 15. b4 Rc8 16. Qb3 Nb6 17. axb5 cxb5
18. Bb2 exd4 19. c4 bxc4 20. Nxc4 d5 21. Nxb6 Qxb6 22. e5 Ne4
23. Bxd4 Qxb4 24. Reb1 Rc1+ 25. Kh2 Qxb3 26. Rxb3 Rxa1
27. Bxa1 Nc5 28. Rc3 d4 29. Nxd4 Rxe5 30. Be2 Bd6 31. g3 h5
32. Rc2 h4 33. Bf3 hxg3+ 34. fxg3 Bxf3 35. Nxf3 Rd5 36. Rc4 f6
37. Kg2 Kf7 38. Bd4 a5 39. Bc3 Nd3 40. Nd4 Ne5 41. Rc8 Bb4
42. Nf5 Bxc3 43. Rxc3 Rd7 44. Rc5 Ke6 45. g4 g6 46. Ne3 Ra7
47. Rb5 Kd6 48. Rb6+ Nc6 49. Rb5 a4 50. Nc4+ Ke6 51. Na3 Rd7
52. Rc5 Rd2+ 53. Kf1 Ne5 54. Ra5 Rd3 55. Rxa4 Rxh3 56. Kg2 Rb3
57. g5 f5 58. Nc4 Nf3 59. Ra2 Kd5 60. Nd2 Nxd2 61. Rxd2+ Ke5
62. Rf2 f4 63. Ra2 Kf5 64. Ra5+ Kg4 65. Kf2 Rb2+ 66. Kf1 Kg3
67. Ra3+ f3 68. Ra1 Rh2 0-1

[Event "Asian Continental Chess Championship"]
[Site "Ho Chi Minh VIE"]
[Date "2012.05.05"]
[EventDate "2012.05.05"]
[Round "1"]
[Result "1-0"]
[White "Baskaran Adhiban"]
[Black "Awam Wahono"]
[WhiteElo "2555"]
[BlackElo "2405"]
[PlyCount "95"]

1. e4 e5 2. Nf3 Nc6 3. Bb5 a6 4. Ba4 Nf6 5. O-O Be7 6. Re1 b5
7. Bb3 O-O 8. d4 d6 9. c3 Nd7 10. Nbd2 Bf6 11. Nf1 Na5 12. Bc2
c5 13. Ng3 g6 14. a4 Rb8 15. Bh6 Re8 16. dxc5 dxc5 17. axb5
axb5 18. Qc1 c4 19. Rd1 Qc7 20. Bg5 Bg7 21. Qd2 Nb7 22. Bh6
Bf6 23. Nf1 Nb6 24. Ne3 Be6 25. Ng5 Nc5 26. Nxe6 Rxe6 27. Ng4
Be7 28. Qe2 Nca4 29. Bxa4 Nxa4 30. Ne3 Nc5 31. Nd5 Qb7 32. Be3
Bf8 33. Qf3 Ra8 34. Rxa8 Qxa8 35. Nc7 Qc6 36. Nxe6 Nxe6
37. Rd5 Bg7 38. Qd1 h5 39. g3 Bf6 40. h4 Qb7 41. Kg2 b4
42. Qf3 bxc3 43. bxc3 Bg7 44. Ra5 Qb1 45. Ra8+ Nf8 46. Bc5 f6
47. Bxf8 Bxf8 48. Rc8 1-0

[Event "Asian Continental Chess Championship"]
[Site "Ho Chi Minh VIE"]
[Date "2012.05.06"]
[EventDate "2012.05.05"]
[Round "2"]
[Result "1/2-1/2"]
[White "Duc Hoa Nguyen"]
[Black "Baskaran Adhiban"]
[WhiteElo "2496"]
[BlackElo "2555"]
[PlyCount "64"]

1. d4 Nf6 2. c4 e6 3. Nf3 d5 4. g3 Bb4+ 5. Bd2 Be7 6. Bg2 O-O
7. O-O Nbd7 8. Qc2 c6 9. Bf4 a5 10. Rd1 b5 11. cxb5 cxb5
12. Bc7 Qe8 13. Nbd2 Ba6 14. Rdc1 b4 15. Bf1 a4 16. Ne5 Bb5
17. e3 Bxf1 18. Kxf1 Qc8 19. Nc6 Bc5 20. dxc5 Qa6+ 21. Kg1
Qxc6 22. Bd6 Rfc8 23. Be7 Ne5 24. Bxf6 gxf6 25. Qd1 Ra5
26. Nf3 Rxc5 27. Rxc5 Qxc5 28. Nxe5 fxe5 29. Qxa4 d4 30. exd4
Qxd4 31. Qb3 Qd2 32. Rd1 Qe2 1/2-1/2

[Event "Asian Continental Chess Championship"]
[Site "Ho Chi Minh VIE"]
[Date "2012.05.07"]
[EventDate "2012.05.05"]
[Round "3"]
[Result "0-1"]
[White "Baskaran Adhiban"]
[Black "Van Huy Nguyen"]
[WhiteElo "2555"]
[BlackElo "2502"]
[PlyCount "132"]

1. d4 Nf6 2. c4 e6 3. g3 d5 4. Nf3 Bb4+ 5. Bd2 Be7 6. Bg2 O-O
7. O-O c6 8. Bf4 Nbd7 9. Nc3 b6 10. cxd5 cxd5 11. Nb5 Ne8
12. Rc1 Bb7 13. Qa4 a6 14. Nc3 Nd6 15. Qd1 Rc8 16. h4 b5
17. b3 Qa5 18. Ne5 Nxe5 19. dxe5 Nf5 20. Qd3 Ba3 21. b4 Bxb4
22. Nxd5 Bxd5 23. Rxc8 Rxc8 24. Bxd5 Rd8 25. Qb1 Nxg3 26. Bxg3
Rxd5 27. Rc1 Ba3 28. Rc8+ Rd8 29. Rc6 Qa4 30. Kg2 Bf8 31. h5
h6 32. Qb3 Qxb3 33. axb3 Ra8 34. Rb6 Bc5 35. Rb7 Bd4 36. e3
Bc3 37. f4 b4 38. Kf3 a5 39. Bh4 f6 40. exf6 gxf6 41. f5 exf5
42. Kf4 a4 43. bxa4 Ra5 44. Bf2 Kf8 45. e4 fxe4 46. Kxe4 f5+
47. Kd3 Rxa4 48. Kc4 Ra6 49. Rb5 Rf6 50. Bc5+ Kf7 51. Rb7+ Kg8
52. Bxb4 Bxb4 53. Rxb4 Kf7 54. Kd5 Re6 55. Rb7+ Kf6 56. Rh7
Re5+ 57. Kd6 f4 58. Rxh6+ Kf5 59. Rh8 Re6+ 60. Kd5 f3 61. Rf8+
Rf6 62. Ra8 f2 63. Ra1 Kg4 64. Rf1 Kf3 65. Ke5 Rh6 66. Kd4 Kg2
0-1

[Event "Asian Continental Chess Championship"]
[Site "Ho Chi Minh VIE"]
[Date "2012.05.08"]
[EventDate "2012.05.05"]
[Round "4"]
[Result "1/2-1/2"]
[White "Deepan Chakkravarthy J"]
[Black "Baskaran Adhiban"]
[WhiteElo "2461"]
[BlackElo "2555"]
[PlyCount "61"]

1. d4 d5 2. c4 e6 3. Nf3 Nf6 4. e3 c5 5. cxd5 exd5 6. Bb5+ Nc6
7. Ne5 Bd7 8. Nxd7 Qxd7 9. O-O a6 10. Bxc6 Qxc6 11. dxc5 Bxc5
12. Nd2 O-O 13. Nf3 Ne4 14. Bd2 Qf6 15. Qc2 Rac8 16. Rac1 Qe6
17. Qd3 Be7 18. Rfd1 h6 19. Be1 Bf6 20. b3 Rfd8 21. h3 Nc5
22. Qb1 b6 23. Bb4 Qe4 24. Qxe4 dxe4 25. Bxc5 Rxd1+ 26. Rxd1
Rxc5 27. Nd2 Rd5 28. Kf1 Be7 29. Ke2 f5 30. g4 g6 31. gxf5
1/2-1/2

[Event "Asian Continental Chess Championship"]
[Site "Ho Chi Minh VIE"]
[Date "2012.05.09"]
[EventDate "2012.05.05"]
[Round "5"]
[Result "1-0"]
[White "Baskaran Adhiban"]
[Black "Qun Ma"]
[WhiteElo "2555"]
[BlackElo "2481"]
[PlyCount "83"]

1. e4 c5 2. Nf3 e6 3. d4 cxd4 4. Nxd4 a6 5. Nc3 d6 6. Be2 Nf6
7. O-O Qc7 8. f4 Nc6 9. Be3 Be7 10. a4 O-O 11. Kh1 Bd7 12. Nb3
b6 13. Bf3 Bc8 14. g4 Nd7 15. g5 Re8 16. Bg2 Rb8 17. Qh5 g6
18. Qh3 Nb4 19. f5 Ne5 20. Nd4 exf5 21. exf5 Bb7 22. Ne4 Nd5
23. Bg1 Bf8 24. Qh4 Nc4 25. Rae1 Rxe4 26. Rxe4 Nd2 27. fxg6
hxg6 28. Nf5 gxf5 29. Bd4 f6 30. gxf6 Nxe4 31. f7+ Kxf7
32. Qh5+ Kg8 33. Qh8+ Kf7 34. Qh5+ Kg8 35. Qh8+ Kf7 36. Rxf5+
Ke6 37. Qh3 Ke7 38. Qh7+ Ke8 39. Qg6+ Kd7 40. Rf7+ Be7
41. Bh3+ Kc6 42. Qxe4 1-0

[Event "Asian Continental Chess Championship"]
[Site "Ho Chi Minh VIE"]
[Date "2012.05.10"]
[EventDate "2012.05.05"]
[Round "6"]
[Result "1-0"]
[White "Ni Hua"]
[Black "Baskaran Adhiban"]
[WhiteElo "2673"]
[BlackElo "2555"]
[PlyCount "111"]

1. e4 e5 2. Nf3 Nc6 3. d4 exd4 4. Nxd4 Nf6 5. Nxc6 bxc6 6. e5
Qe7 7. Qe2 Nd5 8. c4 Ba6 9. Nd2 g6 10. Nf3 Bg7 11. Bg5 Qb4+
12. Qd2 Qxd2+ 13. Bxd2 Nb6 14. b3 d6 15. O-O-O dxe5 16. Nxe5
Bxe5 17. Re1 f6 18. f4 Nd7 19. fxe5 Nxe5 20. Bc3 O-O 21. Be2
Rfe8 22. Bxe5 fxe5 23. Bf3 Re6 24. Re3 Rae8 25. Rhe1 Kg7
26. Be4 Bc8 27. Kb2 Kf6 28. Rf1+ Kg7 29. Ref3 R8e7 30. Kc3 Bd7
31. Kb4 Rd6 32. Kc5 Rd4 33. Re3 Rd2 34. a4 a5 35. Rfe1 Kf6
36. R3e2 Rd4 37. Rf2+ Kg7 38. Re3 Rd1 39. Bf3 Rd6 40. Be4 Rd1
41. Bf3 Rd6 42. b4 Rf6 43. Rfe2 axb4 44. a5 Bf5 45. a6 e4
46. Bxe4 b3 47. Bxf5 Rxf5+ 48. Kb4 Rxe3 49. Rxe3 b2 50. Re1
Rf8 51. Rb1 Ra8 52. Ka5 Kf6 53. Rxb2 Ke5 54. Rb7 Kd6 55. a7 c5
56. Ka6 1-0

[Event "Asian Continental Chess Championship"]
[Site "Ho Chi Minh VIE"]
[Date "2012.05.11"]
[EventDate "2012.05.05"]
[Round "7"]
[Result "0-1"]
[White "Baskaran Adhiban"]
[Black "Husein Aziz Nezad"]
[WhiteElo "2555"]
[BlackElo "2393"]
[PlyCount "66"]

1. e4 e5 2. Nf3 Nc6 3. Bb5 f5 4. Nc3 fxe4 5. Nxe4 Nf6 6. Nxf6+
Qxf6 7. Qe2 Be7 8. Bxc6 bxc6 9. Nxe5 Qe6 10. Ng4 Qxe2+
11. Kxe2 O-O 12. Rf1 d5 13. Ne5 Bd6 14. f4 g5 15. Rf2 gxf4
16. d4 Ba6+ 17. Kf3 Rae8 18. Bxf4 c5 19. c3 cxd4 20. cxd4 c5
21. Re1 cxd4 22. Kg3 d3 23. h3 Bxe5 24. Bxe5 Rxf2 25. Kxf2 d2
26. Rd1 Rxe5 27. Rxd2 Kf7 28. Kf3 Kf6 29. g4 Bb7 30. Kf2 Re4
31. Rd3 d4 32. Ra3 a6 33. Rb3 Bd5 0-1

[Event "Asian Continental Chess Championship"]
[Site "Ho Chi Minh VIE"]
[Date "2012.05.13"]
[EventDate "2012.05.05"]
[Round "9"]
[Result "1-0"]
[White "Baskaran Adhiban"]
[Black "Firman Syah Farid"]
[WhiteElo "2555"]
[BlackElo "2285"]
[PlyCount "77"]

1. e4 c6 2. d4 d6 3. Nc3 e5 4. Nf3 Nd7 5. Bc4 Be7 6. a4 Ngf6
7. O-O O-O 8. a5 Rb8 9. Qe2 b5 10. axb6 axb6 11. Rd1 Qc7
12. d5 b5 13. dxc6 bxc4 14. cxd7 Bxd7 15. Nd2 Bg4 16. f3 Be6
17. Nf1 Nd7 18. Ne3 Bg5 19. Ned5 Qc5+ 20. Be3 Bxe3+ 21. Qxe3
Rxb2 22. Na4 Qxe3+ 23. Nxe3 Rb4 24. Nc3 Rb6 25. Ncd5 Rb2
26. Nc7 Nc5 27. Rxd6 Rc8 28. Rc6 Nd7 29. Ncd5 Rxc6 30. Ne7+
Kf8 31. Nxc6 f6 32. Ra8+ Kf7 33. Nd8+ Ke7 34. Nxe6 Kxe6
35. Nxc4 Rxc2 36. Re8+ Kf7 37. Nd6+ Kg6 38. Re7 Nc5 39. Nf5
1-0

[Event "45th Biel Masters Open"]
[Site "Biel SUI"]
[Date "2012.07.31"]
[EventDate "2012.07.23"]
[Round "8"]
[Result "1-0"]
[White "Baskaran Adhiban"]
[Black "Alain Genzling"]
[WhiteElo "2553"]
[BlackElo "2408"]
[PlyCount "67"]

1. d4 Nf6 2. c4 e6 3. g3 Bb4+ 4. Bd2 Qe7 5. Nf3 Nc6 6. Bg2
Bxd2+ 7. Nbxd2 O-O 8. O-O d6 9. e4 e5 10. d5 Nb8 11. b4 a5
12. a3 Na6 13. Ne1 c6 14. dxc6 bxc6 15. Nd3 Bg4 16. f3 Be6
17. Qe2 Qa7+ 18. Qf2 Nd7 19. f4 f6 20. Rfc1 Qxf2+ 21. Kxf2
Rfb8 22. Ke3 axb4 23. axb4 c5 24. b5 Nc7 25. Nb2 Nb6 26. Bf1
g6 27. Bd3 Bf7 28. Nd1 Ne6 29. Nc3 Nd4 30. Ra6 Rxa6 31. bxa6
Ra8 32. Ra1 Nxc4+ 33. Nxc4 Bxc4 34. Bxc4+ 1-0

[Event "45th Biel Masters Open"]
[Site "Biel SUI"]
[Date "2012.08.01"]
[EventDate "2012.07.23"]
[Round "9"]
[Result "1/2-1/2"]
[White "Robert Andrew Hungaski"]
[Black "Baskaran Adhiban"]
[WhiteElo "2488"]
[BlackElo "2553"]
[PlyCount "86"]

1. Nf3 Nf6 2. c4 e6 3. g3 d5 4. Bg2 dxc4 5. Na3 Bxa3 6. bxa3
O-O 7. Bb2 Nc6 8. Qc2 Re8 9. Qxc4 e5 10. O-O Be6 11. Qh4 e4
12. Ng5 Bf5 13. Qf4 Bg6 14. Bxf6 Qxf6 15. Qxf6 gxf6 16. Nh3
Rad8 17. Rfb1 e3 18. d3 Nd4 19. Rb2 b6 20. Nf4 Rd6 21. Rc1 c5
22. a4 Nf5 23. a5 exf2+ 24. Kxf2 Ne3 25. axb6 axb6 26. Rcb1
Ng4+ 27. Kg1 c4 28. h3 Ne5 29. Rxb6 Rxb6 30. Rxb6 cxd3
31. exd3 Nxd3 32. Nxg6 hxg6 33. Rxf6 Kg7 34. Rd6 Re3 35. Kh2
Ne1 36. Bd5 Rd3 37. a4 Kf8 38. a5 Ke7 39. a6 Kxd6 40. a7 Ra3
41. a8=Q Rxa8 42. Bxa8 Ke5 43. Kg1 Nc2 1/2-1/2

[Event "45th Biel Masters Open"]
[Site "Biel SUI"]
[Date "2012.08.02"]
[EventDate "2012.07.23"]
[Round "10"]
[Result "1-0"]
[White "Baskaran Adhiban"]
[Black "Miso Cebalo"]
[WhiteElo "2553"]
[BlackElo "2416"]
[PlyCount "57"]

1. d4 Nf6 2. c4 c5 3. d5 e6 4. Nc3 exd5 5. cxd5 d6 6. e4 g6
7. f4 Bg7 8. Bb5+ Nfd7 9. Nf3 a6 10. Bd3 b5 11. O-O O-O 12. a3
c4 13. Bc2 Nc5 14. f5 Nbd7 15. Kh1 Ne5 16. Bg5 Bf6 17. Nxe5
Bxg5 18. Nc6 Qe8 19. f6 Kh8 20. Qe1 Nd7 21. e5 Nxe5 22. Qg3
Bd2 23. Ne4 Nxc6 24. dxc6 Ba5 25. Qf4 Rg8 26. Qh6 Bd2 27. Qxd2
Qxc6 28. Qh6 Bb7 29. Rf3 1-0

[Event "45th Biel Masters Open"]
[Site "Biel SUI"]
[Date "2012.08.03"]
[EventDate "2012.07.23"]
[Round "11"]
[Result "1/2-1/2"]
[White "Boris Grachev"]
[Black "Baskaran Adhiban"]
[WhiteElo "2674"]
[BlackElo "2553"]
[PlyCount "52"]

1. d4 Nf6 2. c4 g6 3. Nc3 Bg7 4. e4 d6 5. Be2 O-O 6. Bg5 c5
7. d5 h6 8. Be3 e6 9. Qd2 exd5 10. exd5 Kh7 11. h3 Re8 12. Nf3
Bf5 13. O-O Ne4 14. Nxe4 Bxe4 15. Rae1 Nd7 16. Bd1 b5 17. cxb5
Nb6 18. b3 Nxd5 19. Bg5 Nf6 20. Bh4 d5 21. Bc2 a6 22. bxa6
Rxa6 23. Bxe4 dxe4 24. Qxd8 Rxd8 25. Bxf6 Bxf6 26. Rxe4 Rxa2
1/2-1/2

[Event "45th Biel Masters Open"]
[Site "Biel SUI"]
[Date "2012.07.25"]
[EventDate "2012.07.23"]
[Round "3"]
[Result "1-0"]
[White "Ivan Saric"]
[Black "Baskaran Adhiban"]
[WhiteElo "2638"]
[BlackElo "2553"]
[PlyCount "83"]

1. e4 e5 2. Nf3 Nc6 3. Bb5 a6 4. Ba4 Nf6 5. O-O Be7 6. Re1 b5
7. Bb3 O-O 8. c3 d5 9. exd5 Nxd5 10. Nxe5 Nxe5 11. Rxe5 c6
12. d4 Bd6 13. Re1 Qh4 14. g3 Qh3 15. Re4 g5 16. Qf1 Qh5
17. f3 Bh3 18. Qf2 Qg6 19. a4 Nf6 20. Re3 Bf4 21. Re1 Rae8
22. Rxe8 Rxe8 23. Bxf4 gxf4 24. Nd2 Kh8 25. axb5 axb5 26. Ne4
Nh5 27. Ra7 Rf8 28. d5 fxg3 29. hxg3 Bf5 30. dxc6 Bxe4
31. fxe4 Nxg3 32. Rxf7 Ne2+ 33. Kf1 Ng3+ 34. Ke1 Qxe4+ 35. Kd2
Rxf7 36. Bxf7 Kg7 37. c7 Qc6 38. Qxg3+ Kxf7 39. Qh3 Qd5+
40. Kc2 Qe4+ 41. Qd3 Qg2+ 42. Kb3 1-0

[Event "45th Biel Masters Open"]
[Site "Biel SUI"]
[Date "2012.07.26"]
[EventDate "2012.07.23"]
[Round "4"]
[Result "1/2-1/2"]
[White "Baskaran Adhiban"]
[Black "Emanuel Schiendorfer"]
[WhiteElo "2553"]
[BlackElo "2355"]
[PlyCount "77"]

1. c4 e6 2. Nc3 d5 3. d4 c6 4. Nf3 Nf6 5. Bg5 h6 6. Bh4 dxc4
7. e4 g5 8. Bg3 b5 9. Be2 Bb7 10. Qc2 Nbd7 11. Rd1 Qb6 12. Ne5
Nxe5 13. Bxe5 Be7 14. O-O O-O 15. h4 Nd7 16. Bh2 gxh4 17. Qc1
Kh7 18. d5 cxd5 19. exd5 Rg8 20. Bf3 Nc5 21. Qf4 Raf8 22. Ne4
Nxe4 23. Qxe4+ f5 24. Qe2 Rf6 25. Rfe1 Rfg6 26. Kh1 Bb4
27. dxe6 Bxf3 28. Rd7+ R8g7 29. gxf3 Bxe1 30. e7 Re6 31. e8=Q
Rxe2 32. Rxg7+ Kxg7 33. Qxe2 Bb4 34. Qe5+ Kf7 35. Qxf5+ Qf6
36. Qd5+ Qe6 37. Qh5+ Kg8 38. Qxb5 Bf8 39. Be5 1/2-1/2

[Event "45th Biel Masters Open"]
[Site "Biel SUI"]
[Date "2012.07.27"]
[EventDate "2012.07.23"]
[Round "5"]
[Result "0-1"]
[White "Eylon Nakar"]
[Black "Baskaran Adhiban"]
[WhiteElo "2416"]
[BlackElo "2553"]
[PlyCount "78"]

1. e4 e5 2. Nf3 Nc6 3. Bb5 a6 4. Ba4 Nf6 5. O-O Be7 6. d3 b5
7. Bb3 O-O 8. Re1 d6 9. a3 Be6 10. Nbd2 Na5 11. Bxe6 fxe6
12. c3 Nc6 13. d4 exd4 14. cxd4 d5 15. e5 Nd7 16. Qc2 Na5
17. b3 Rc8 18. Qb1 Nb7 19. a4 c5 20. axb5 axb5 21. Ra6 Nb6
22. Ra7 Rc7 23. dxc5 Nxc5 24. Rxc7 Qxc7 25. Ba3 Nbd7 26. Bb2
b4 27. Bd4 Qb7 28. h3 Qb5 29. Re3 Na6 30. h4 Nab8 31. g3 Nc6
32. Kg2 Rf5 33. Qa1 Qb7 34. Kg1 Nc5 35. Qc1 Ne4 36. Qe1 Nxf2
37. Kxf2 Nxd4 38. Qd1 Bc5 39. Kg2 Nc2 0-1

[Event "45th Biel Masters Open"]
[Site "Biel SUI"]
[Date "2012.07.28"]
[EventDate "2012.07.23"]
[Round "6"]
[Result "1/2-1/2"]
[White "Baskaran Adhiban"]
[Black "Gerlef Meins"]
[WhiteElo "2553"]
[BlackElo "2475"]
[PlyCount "114"]

1. c4 e6 2. d4 Nf6 3. g3 Bb4+ 4. Bd2 c5 5. Bxb4 cxb4 6. Bg2
O-O 7. e4 d6 8. Ne2 e5 9. O-O a5 10. a3 Na6 11. axb4 Nxb4
12. Nbc3 Bd7 13. Qd2 Re8 14. Rfe1 Rc8 15. b3 b6 16. Rad1 Qc7
17. h3 Qb8 18. g4 h6 19. f4 exf4 20. Nxf4 b5 21. cxb5 Bxb5
22. Re3 Bc6 23. Rde1 Re7 24. Nfe2 Bd7 25. Ng3 Nc6 26. Nd5 Nxd5
27. exd5 Rxe3 28. Rxe3 Nb4 29. Re7 Qc7 30. Kh2 Qd8 31. Qe1 Kf8
32. Re2 Qf6 33. Ne4 Qxd4 34. Nxd6 Qf4+ 35. Qg3 Qxg3+ 36. Kxg3
Rc3+ 37. Kh2 Rc2 38. Rxc2 Nxc2 39. Nc4 a4 40. bxa4 Bxa4
41. Kg3 Bb5 42. Nd6 Nd4 43. Kf4 Ke7 44. Ne4 f6 45. Ke3 Nc2+
46. Kd2 Nd4 47. Kc3 Ne2+ 48. Kb4 Bd7 49. Kc5 Nf4 50. Bf1 f5
51. d6+ Kd8 52. gxf5 Bxf5 53. Ng3 Bxh3 54. Bxh3 Nxh3 55. Nf5
Ng5 56. Nxg7 Ne4+ 57. Kd5 Nxd6 1/2-1/2

[Event "45th Biel Masters Open"]
[Site "Biel SUI"]
[Date "2012.07.30"]
[EventDate "2012.07.23"]
[Round "7"]
[Result "1-0"]
[White "Vladislav Vorotnikov"]
[Black "Baskaran Adhiban"]
[WhiteElo "2446"]
[BlackElo "2553"]
[PlyCount "53"]

1. e4 e5 2. Nc3 Nf6 3. f4 d5 4. fxe5 Nxe4 5. Nf3 Nc6 6. Qe2
Bf5 7. d3 Nc5 8. g3 Ne6 9. Bg2 Bg4 10. O-O Bc5+ 11. Kh1 Ncd4
12. Qd2 c6 13. Ne2 Bxf3 14. Bxf3 Qc7 15. Bg4 Qxe5 16. Nxd4
Qxd4 17. Qe2 O-O 18. c3 Qa4 19. d4 Bb6 20. Rxf7 Rxf7 21. Bxe6
Qa6 22. Qf3 Rf8 23. Bg5 c5 24. Rf1 cxd4 25. Bxf7+ Kh8 26. Be7
Ra8 27. Bxd5 1-0